| 000 -LEADER |
| fixed length control field |
01215nam a2200241Ia 4500 |
| 001 - CONTROL NUMBER |
| control field |
1681 |
| 003 - CONTROL NUMBER IDENTIFIER |
| control field |
GE_BSU |
| 005 - DATE AND TIME OF LATEST TRANSACTION |
| control field |
20250203115835.0 |
| 008 - FIXED-LENGTH DATA ELEMENTS--GENERAL INFORMATION |
| fixed length control field |
181216s2011||||ru |||||||||||||| ||rus|| |
| 020 ## - INTERNATIONAL STANDARD BOOK NUMBER |
| International Standard Book Number |
9789941412578 |
| 040 ## - CATALOGING SOURCE |
| Transcribing agency |
GE_BSU |
| 080 ## - UNIVERSAL DECIMAL CLASSIFICATION NUMBER |
| Universal Decimal Classification number |
663.813 И-60 |
| 100 ## - MAIN ENTRY--PERSONAL NAME |
| Personal name |
Нижарадзе,Э. |
| 9 (RLIN) |
24221 |
| 245 ## - TITLE STATEMENT |
| Title |
Проблема фальсификации цитрусовых соков и методы ее обнаружения / |
| Statement of responsibility, etc. |
Э. Нижарадзе, Ред: Н. Мамулаишвили, Д. Чхаидзе. |
| 264 ## - PRODUCTION, PUBLICATION, DISTRIBUTION, MANUFACTURE, AND COPYRIGHT NOTICE |
| Place of production, publication, distribution, manufacture |
Батуми |
| Name of producer, publisher, distributor, manufacturer |
Гос ун-т Шота Руставели, |
| Date of production, publication, distribution, manufacture, or copyright notice |
2011 |
| 300 ## - PHYSICAL DESCRIPTION |
| Extent |
142 с.: |
| Other physical details |
19 см. |
| 653 ## - INDEX TERM--UNCONTROLLED |
| keyword |
Проблема фальсификации цитрусовых соков и методы ее обнаружения. |
| 653 ## - INDEX TERM--UNCONTROLLED |
| keyword |
Фруктовые и овощные соки. |
| 653 ## - INDEX TERM--UNCONTROLLED |
| keyword |
ციტრუსის წვენების გაყალბების პრობლემა და მისი გამოვლენის მეთოდები. |
| 700 ## - ADDED ENTRY--PERSONAL NAME |
| Personal name |
Мамулаишвили, Н |
| Relator term |
რედაქტორი |
| 9 (RLIN) |
24222 |
| 700 ## - ADDED ENTRY--PERSONAL NAME |
| Numeration |
Чхаидзе, Д |
| Relator term |
რედაქტორი |
| 9 (RLIN) |
24223 |
| 942 ## - ADDED ENTRY ELEMENTS (KOHA) |
| Koha item type |
წიგნი |
| Source of classification or shelving scheme |
|